Quantitative characterisation of cure.1. Relationship between modulus and strain in pure gum natural rubber vulcanisates (Record no. 66195)

MARC details
000 -LEADER
fixed length control field 00391nam a2200121Ia 4500
100 ## - MAIN ENTRY--AUTHOR NAME
Personal name Blackwell R F
245 #0 - TITLE STATEMENT
Title Quantitative characterisation of cure.1. Relationship between modulus and strain in pure gum natural rubber vulcanisates
260 ## - PUBLICATION, DISTRIBUTION, ETC. (IMPRINT)
Name of publisher IRI Transactions
Year of publication 1952
300 ## - PHYSICAL DESCRIPTION
Number of Pages 75-84
650 ## - SUBJECT ADDED ENTRY--TOPICAL TERM
Topical Term Rubber vulcanisates
942 ## - ADDED ENTRY ELEMENTS (KOHA)
Koha item type Journals
Holdings
Withdrawn status Lost status Damaged status Not for loan Home library Current library Shelving location Date acquired Serial Enumeration / chronology Koha item type
      Journals RRII Library RRII Library Rubber chemistry 17/12/2021 Volume 28, Issue 2 Journals